000 01474nam a2200337 i 4500
001 000027267
003 DO-SdBNP
005 20260321073641.0
007 ta
008 110330s1974 dr 000 0 spa d
040 _aDO-SdBNP
_bspa
_cBNPHU
_erda
041 _aspa
082 4 _a972.93
_bJ61r 1974
_222
100 1 _aJimenes Grullón, Juan Isidro,
_d1903-1983
_92482
_4aut.
_eautor
245 1 3 _aLa República Dominicana :
_b(análisis de su pasado y su presente) /
_cJ. I. Jimenes-Grullón ; prólogo Juan Bosch.
250 _aTercera edición
264 1 _aSanto Domingo, República Dominicana :
_bEditora Nacional,
_c1974.
300 _a263 páginas ;
_c22 cm.
336 _atexto
_btxt
_2rdacontent
337 _asin mediación
_bn
_2rdamedia
338 _avolumen
_bnc
_2rdacarrier
505 0 _tPrólogo --
_tGermen y tierra --
_tBrote y crecimiento --
_tLa etapa volcánica --
_tNaufragio y puerto --
_tLa era tenebrosa --
_tSíntesis y camino.
651 4 _aRepública Dominicana
_xHistoria
_9170
651 0 _aRepública Dominicana
_xHistoria
_yDescubrimiento y conquista, 1492-1503
_9255
651 4 _aRepública Dominicana --
_xHistoria --
_yOcupación haitiana 1822-1844
_97666
651 0 _aRepública Dominicana --
_xHistoria --
_y1844-1930
_91009
651 0 _aRepública Dominicana
_xPolítica y gobierno
_945
700 1 _a Bosch, Juan,
_d1909-2001
_eprologuista
_4pr.
_976555
910 _aYLockward/ Validado. Control de calidad MMOLINA
942 _2ddc
_cLBS1
999 _c26759
_d26759